MESTSKÁ KNIŽNICA GIRALTOVCE  - online katalóg 

Gitarové akordy a značky pre samoukov (Record no. 15221)

000 -NÁVESTIE
fixed length control field 00688nam a2200229 a 4500
008 - ÚDAJE S PEVNOU DĹŽKOU – VŠEOBECNÉ INFORMÁCIE
fixed length control field 960514s1986||||[C 0 slo c
020 ## - MEDZINÁRODNÉ ŠTANDARDNÉ ČÍSLO KNIHY (ISBN)
Údaje o dostupnosti 25 Kčs.
Qualifying information (10 000 výtl.)
040 ## - ZDROJ KATALOGIZÁCIE
Pôvodná katalogizujúca agentúra SNK
Jazyk katalogizácie slo
Prepisujúca agentúra SNK
Konvencie popisu AACR2
041 1# - KÓD JAZYKA
Kód jazyka textu/zvukovej stopy alebo samostatných nápisov slo
044 ## - KÓD KRAJINY VYDAVATEĽA/PRODUCENTA
Kód krajiny MARC xo
Kód krajiny ISO SK
080 ## - ČÍSLO MEDZINÁRODNÉHO DESATINNÉHO TRIEDENIA (MDT)
Číslo Medzinárodného desatinného triedenia (MDT) 787.61.087.5
100 1# - OSOBNÉ MENÁ – VŠEOBECNÉ INFORMÁCIE
Osobné meno Zsapka, Jozef
Kód roly aut
245 10 - NÁZOV
Názov Gitarové akordy a značky pre samoukov
Médium Hudobnina
Údaj o zodpovednosti atď. Jozef Zsapka ; Peter Danay
250 ## - ÚDAJ O PORADÍ VYDANIA
Údaj o poradí vydania 1., vyd.
260 ## - VYDAVATEĽSKÉ ÚDAJE, DISTRIBÚCIA ATĎ.
Miesto publikovania, distribúcie atď. Bratislava
Názov vydavateľa, distibútora atď. Opus [vyd.]
Dátum publikovania, distribúcie atď. 1986
Miesto výroby Partizánske
Výrobca Západoslovenské tlačiarne
300 ## - FYZICKÝ POPIS
Rozsah 43 s.
Rozmery 21x30 cm
500 ## - VŠEOBECNÁ POZNÁMKA
Formátovaná poznámka o obsahu Hudobnina. Úvod. Vysvetl.
500 ## - VŠEOBECNÁ POZNÁMKA
Formátovaná poznámka o obsahu Ob. Peter Danay.
700 1# - PRIDANÝ VSTUP – OSOBNÉ MENO
Osobné meno Danay, Peter
Kód roly oth
924 ## -
-- gitara
958 ## - Formálny deskriptor
Formálny deskriptor H
Holdings
Stav stiahnutia (Blokovanie) (Withrawn status) Stav straty Stav poškodenia (Damaged status) Nie pre výpožičky (Not for loan) Spôsob nadobudnutia (Collection code) Trvalé umiestnenie Aktuálne umiestnenie Dátum nadobudnutia Náklady, bežná kúpna cena Inventárne číslo (prírastkové číslo) Full call number Dátum posledného výskytu Cena s účinnosťou od Typ jednotky Koha
        Kúpa Mestská knižnica Giraltovce Mestská knižnica Giraltovce 2019-11-29 25.00 14257 I 0317 2019-11-29 2019-11-29 Odborná literatúra pre dospelých

Powered by Koha